Central Library OPAC University of Rajshahi
Normal view MARC view

Entry Topical Term

Number of records used in: 13

001 - CONTROL NUMBER

  • control field: 11812

003 - CONTROL NUMBER IDENTIFIER

  • control field: BD-RjUL

005 - DATE AND TIME OF LATEST TRANSACTION

  • control field: 20240219162251.0

008 - FIXED-LENGTH DATA ELEMENTS

  • fixed length control field: 240219|| aca||aabn | a|a d

040 ## - CATALOGING SOURCE

  • Original cataloging agency: BD-RjUL
  • Transcribing agency: BD-RjUL

150 ## - HEADING--TOPICAL TERM

  • Topical term or geographic name entry element: ভবন নির্মাণ
  • Form subdivision: কাঁচা বাজার

670 ## - SOURCE DATA FOUND

  • Source citation: Work cat.: (BD-RjUL)83115: ইসলাম, মো. শহিদুল 11811, রাজশাহী শহরের কাঁচা বাজারের কাঠামো, পারিসরিক বিন্যাস এবং সেবার ধরন :, ২০০৫